Základy aplikované matematiky 2 integrální počet, nekonečné řady, diferenciální geometrie, obyčejné a parciální diferenciální rovnice, funkce komplexní proměnné, Laplaceová transformace, diferenční rovnice
Gespeichert in:
| Format: | Buch |
|---|---|
| Sprache: | Tschechisch |
| Veröffentlicht: |
Praha
Státní nakladatelství technické literatury
1986
|
| Tags: |
Keine Tags, Fügen Sie das erste Tag hinzu!
|
MARC
| LEADER | 00000nam a2200000 4500 | ||
|---|---|---|---|
| 001 | c103321 | ||
| 005 | 20260327080426.4 | ||
| 041 | 0 | |a cze | |
| 044 | |a CZ | ||
| 245 | 1 | 0 | |a Základy aplikované matematiky 2 |b integrální počet, nekonečné řady, diferenciální geometrie, obyčejné a parciální diferenciální rovnice, funkce komplexní proměnné, Laplaceová transformace, diferenční rovnice |c Josef Škrášek |
| 264 | 1 | |a Praha |b Státní nakladatelství technické literatury |c 1986 | |
| 300 | |a 896 s. | ||